ਵਿਚਾਰਾਂ ਦੇ ਪੜਾਅ / (Record no. 110697)

MARC details
000 -LEADER
fixed length control field 01019nam a22002537a 4500
005 - DATE AND TIME OF LATEST TRANSACTION
control field 20170123164156.0
010 ## - LIBRARY OF CONGRESS CONTROL NUMBER
LC control number A-508579
020 ## - INTERNATIONAL STANDARD BOOK NUMBER
Terms of availability 20.00
035 ## - SYSTEM CONTROL NUMBER
System control number A-508579
037 ## - SOURCE OF ACQUISITION
Source of stock number/acquisition Cen Lib / Ret
040 ## - CATALOGING SOURCE
Original cataloging agency DPL
Language of cataloging PN
082 ## - DEWEY DECIMAL CLASSIFICATION NUMBER
Classification number 850.8
Item number ਗੋਵਿੰਦ
100 ## - MAIN ENTRY--PERSONAL NAME
Personal name ਗੋਵਿੰਦ ਨਾਥ ਰਾਜਗੁਰੂ
9 (RLIN) 74569
245 ## - TITLE STATEMENT
Title ਵਿਚਾਰਾਂ ਦੇ ਪੜਾਅ /
Statement of responsibility, etc ਗੋਵਿੰਦ ਨਾਥ ਰਾਜਗੁਰੂ
246 ## - VARYING FORM OF TITLE
Title proper/short title Vicharan de padai /
Remainder of title by Govind Nath Rajguru
260 ## - PUBLICATION, DISTRIBUTION, ETC. (IMPRINT)
Place of publication, distribution, etc ਨਵੀ ਦਿੱਲੀ
Name of publisher, distributor, etc ਪੰਜਾਬੀ ਰਾਇਟਰਜ਼
Date of publication, distribution, etc 2003
270 ## - ADDRESS
Address J-11/26 , ਰਾਜੌਰੀ ਗਾਰਡਨ
City ਨਵੀ ਦਿੱਲੀ
Postal code 110027
300 ## - PHYSICAL DESCRIPTION
Extent 142p.
Dimensions 21cm(pbk)
650 ## - SUBJECT ADDED ENTRY--TOPICAL TERM
Topical term or geographic name as entry element ਪੰਜਾਬੀ-- ਸਾਹਿਤ
9 (RLIN) 131062
650 ## - SUBJECT ADDED ENTRY--TOPICAL TERM
Topical term or geographic name as entry element ਪੰਜਾਬੀ-- ਕਵਿਤਾਵਾਂ
9 (RLIN) 131063
650 ## - SUBJECT ADDED ENTRY--TOPICAL TERM
Topical term or geographic name as entry element Punjabi-- Literature
9 (RLIN) 781
650 ## - SUBJECT ADDED ENTRY--TOPICAL TERM
Topical term or geographic name as entry element Punjabi Literature--Fiction
9 (RLIN) 9827
942 ## - ADDED ENTRY ELEMENTS (KOHA)
Source of classification or shelving scheme Dewey Decimal Classification
Koha item type Punjabi Bks
Classification part 850.8
Call number suffix ਗੋਵਿੰਦ
Holdings
Withdrawn status Lost status Damaged status Not for loan Home library Current library Date acquired Source of acquisition Cost, normal purchase price Total Checkouts Full call number Barcode Date last seen Copy number Cost, replacement price Price effective from Koha item type
        Central Library Central Library 06/02/2016 Cen Lib/Ret 20.00   850.8 ਗੋਵਿੰਦ A-508579 06/02/2016 1 20.00 06/02/2016 Punjabi Bks

© Delhi Public Library
Hit Counter
free hit counter